00297nam a2200121Ia 4500008004100000100002100041245004200062260002700104300000800131650001400139942000700153999001500160190216s9999||||xx |||||||||||||| ||und|| aBhattacharya A B 0aEconomic Palnning In India And Abroad bVikas Publishing House a267 aEconomics cBK c9313d9313